La primera misión de la Santa Sede de América

Na minha lista:
Detalhes bibliográficos
Autor principal: Marti Gilabert, Francisco (autor)
Formato: Livro
Idioma:espanhol
Publicado em: Pamplona, España EUNSA 1967
Assuntos:
Tags: Adicionar Tag
Sem tags, seja o primeiro a adicionar uma tag!

MARC

LEADER 00000nam a2200000 a 4500
001 UCX2467
003 CL-VaPUC
005 20210902173120.0
008 910516e19670000SP |||||||||||||||||spa|d
999 |c 223480  |d 223478 
040 |c Pontificia Universidad Católica de Valparaíso 
082 0 4 |a 278.3 MAR 1967  |2 21 
100 |a Marti Gilabert, Francisco  |e autor  |9 393445 
245 1 3 |a La primera misión de la Santa Sede de América 
260 |a Pamplona, España  |b EUNSA  |c 1967 
300 |a 359 páginas 
583 |a last modification  |c 19910516 00:00:00  |k Rodrigo Vera 
650 7 |a HISTORIA ECLESIASTICA  |2 CL-VaPUC  |9 318400  |z CHILE 
852 |a BIBCUR 
942 |c BK  |2 ddc 
945 |d 19910516 00:00:00 
952 |0 0  |1 0  |2 ddc  |4 0  |6 278_300000000000000_MAR_1967  |7 0  |8 A  |9 219289  |a BIBTEO  |b BIBTEO  |d 2019-11-15  |i 2880733  |o 278.3 MAR 1967  |p 2880733  |r 2025-01-17  |t 3  |w 2019-11-15  |y BK  |k ICR 
952 |0 0  |1 0  |2 ddc  |4 0  |6 278_300000000000000_MAR_1967  |7 0  |8 A  |9 219290  |a BIBHIS  |b BIBHIS  |d 2019-11-15  |i 2880741  |o 278.3 MAR 1967  |p 2880741  |r 2025-01-20  |t 2  |w 2019-11-15  |y BK  |k HIS 
952 |0 0  |1 0  |2 ddc  |4 0  |6 278_300000000000000_MAR_1967  |7 0  |8 A  |9 219291  |a BIBTEO  |b BIBTEO  |d 2019-11-15  |i 288075K  |o 278.3 MAR 1967  |p 288075K  |r 2025-01-17  |t 4  |w 2019-11-15  |y BK  |k ICR 
952 |0 0  |1 0  |2 ddc  |4 0  |6 278_300000000000000_MAR_1967  |7 0  |8 A  |9 219292  |a BIBTEO  |b BIBTEO  |d 2019-11-15  |i 2023431  |o 278.3 MAR 1967  |p 2023431  |r 2025-01-17  |t 5  |w 2019-11-15  |y BK  |k ICR 
952 |0 0  |1 0  |2 ddc  |4 0  |6 278_300000000000000_MAR_1967  |7 0  |8 DER_HDC  |9 219293  |a BIBDER  |b BIBDER  |d 2019-11-15  |i 1892827  |o 278.3 MAR 1967  |p 1892827  |r 2023-01-25  |t 1  |w 2019-11-15  |x Ubicación 4to Piso  |y BK  |z Estos recursos deben solicitarse con anticipación  |k DER